Conscientes y atentos : 40 prácticas de mindfulness cristiano /

Wedi'i Gadw mewn:
Manylion Llyfryddiaeth
Prif Awdur: Welch, Sally (autor)
Fformat: Llyfr
Iaith:Sbaeneg
Cyhoeddwyd: Madrid, España : Narcea, 2019, c2019
Pynciau:
Tagiau: Ychwanegu Tag
Dim Tagiau, Byddwch y cyntaf i dagio'r cofnod hwn!

MARC

LEADER 00000nam^a2200000^a^4500
001 000419036
005 20250521000000.0
009 20260310122434.062
020 |a 978-84-277-2573-7 
037 |a Acervo ITESO - Biblioteca 
041 |a ESP 
082 |a 248. 46  |b WEL 
100 |a Welch, Sally  |e (autor) 
245 1 0 |a Conscientes y atentos :  |b 40 prácticas de mindfulness cristiano /  |c S. Welch ; tr. por María Luna Vico. 
264 4 |a Madrid, España :  |b Narcea,  |c 2019, c2019 
300 |a 170 p. 
336 |a texto  |b txt  |2 rdacontenido 
337 |a sin mediación  |b n  |2 rdamedio 
338 |a volumen  |b nc  |2 rdasoporte 
500 |a Traducción de: How to Be a Mindful Christian: 40 Simple Spiritual Practices 
521 |a FIL 2019 DIA 
649 |a XX 
650 |a Sentidos y Sensaciones 
650 |a Atención Plena -  |x Tema Principal 
650 |a Meditación 
650 |a Espiritualidad -  |x Tema Principal 
650 |a Superación Personal y Autoayuda 
650 |a Psicología 
650 |a Cristianismo 
650 |a Religión 
910 |a Fondo General 
920 |a Impresos - Libros 
930 |a Colección General 
905 |a 101 
901 |a 0500329580  |b IT1  |c ACC  |i C169982  |u 20250521 
902 |a https://opac.biblio.iteso.mx/vufind/Record/000419036